Kashshāf isṭịlāhạ̄t al-funūn /
Main Author:
Format: Book
Language: Arabic
Published:
al-Astānah :
Matḅaʻat Iqdām bi-Dār al-Khilāfah,
1317 [1899 or 1900].
Subjects:
Tags: Add Tag
Call Number: ( RA )PJ6620 .T29 1899
| LEADER | 01119nam a2200253 a 4500 | ||
|---|---|---|---|
| 001 | EGAG99-B2541 | ||
| 003 | OSt | ||
| 005 | 20240523115739.0 | ||
| 008 | 990603s1899 tu d 000 0 ara | ||
| 999 | |c 57223 |d 57223 | ||
| 010 | |a ne 68001377 | ||
| 040 | |c ARCE Library | ||
| 050 | 4 | |a ( RA )PJ6620 .T29 1899 | |
| 100 | 1 | |6 880-01 |a Tahānawī, Muḥammad Aʻlá ibn ʻAlī, |d fl. 1745. | |
| 245 | 1 | 0 | |6 880-02 |a Kashshāf isṭịlāhạ̄t al-funūn / |c taʼlīf Muhạmmad ʻAlī ibn ʻAlī al-Tahānawī. |
| 260 | |6 880-03 |a al-Astānah : |b Matḅaʻat Iqdām bi-Dār al-Khilāfah, |c 1317 [1899 or 1900]. | ||
| 300 | |a 955 p. ; |c 28 cm. | ||
| 500 | |a Arranged alphabetically, alif--sạ̄d.̣ | ||
| 500 | |a No more published in this edition. Cf. Sarkis. Muʻjam al-matḅūʻāt al-ʻArabīyah wa-al-muʻarrabah (Cairo, 1928) col. 646. | ||
| 650 | 0 | |a Arabic language |v Dictionaries. | |
| 880 | 1 | |6 100-01/(3/r |a تهانوى، محمد أعاى بن على، |d fl. 1745. | |
| 880 | 1 | 0 | |6 245-02/(3/r |a كشاف إصطلاحات الفنون |c تأليف محمد على بن أعلى التهانوى |
| 901 | |a reviewed | ||
| 942 | |2 lcc |c BK | ||
